LIBRARY ONLINE CATALOGUE

Fundamental concepts of actuarial science / (Record no. 20226)

MARC details
000 -LEADER
fixed length control field 00752pam a2200253 a 4500
001 - CONTROL NUMBER
control field 2452897
003 - CONTROL NUMBER IDENTIFIER
control field OSt
005 - DATE AND TIME OF LATEST TRANSACTION
control field 20230815123428.0
008 - FIXED-LENGTH DATA ELEMENTS--GENERAL INFORMATION
fixed length control field 890811s1989 ilu b 000 0 eng
010 ## - LIBRARY OF CONGRESS CONTROL NUMBER
LC control number 89017801
020 ## - INTERNATIONAL STANDARD BOOK NUMBER
International Standard Book Number 0962311820 :
040 ## - CATALOGING SOURCE
Original cataloging agency DLC
Transcribing agency DLC
Modifying agency DLC
050 00 - LIBRARY OF CONGRESS CALL NUMBER
Classification number HG8781
Item number .T76 1989
082 00 - DEWEY DECIMAL CLASSIFICATION NUMBER
Classification number 368/.01
Edition number 20
100 1# - MAIN ENTRY--PERSONAL NAME
Personal name Trowbridge, Charles L.
245 10 - TITLE STATEMENT
Title Fundamental concepts of actuarial science /
Statement of responsibility, etc. Charles L. Trowbridge.
250 ## - EDITION STATEMENT
Edition statement Rev. ed.
260 ## - PUBLICATION, DISTRIBUTION, ETC. (IMPRINT)
Place of publication, distribution, etc. [Schaumburg, IL] :
Name of publisher, distributor, etc. Actuarial Education and Research Fund,
Date of publication, distribution, etc. 1989.
300 ## - PHYSICAL DESCRIPTION
Extent viii, 79 p. ;
504 ## - BIBLIOGRAPHY, ETC. NOTE
Bibliography, etc Includes bibliographical references.
650 #0 - SUBJECT ADDED ENTRY--TOPICAL TERM
Topical term or geographic name as entry element Actuarial science.
906 ## - LOCAL DATA ELEMENT F, LDF (RLIN)
a 7
b cbc
c orignew
d 1
e ocip
f 19
g y-gencatlg
942 ## - ADDED ENTRY ELEMENTS (KOHA)
Source of classification or shelving scheme Library of Congress Classification
Koha item type General Collection
Holdings
Withdrawn status Lost status Source of classification or shelving scheme Not for loan Home library Current library Date acquired Cost, normal purchase price Total Checkouts Full call number Barcode Date last seen Price effective from Koha item type
    Library of Congress Classification   Kabarak, Main Campus Kabarak, Main Campus 15/08/2023 2262.00   HG8781 .T76 1989 c.1 030327 15/08/2023 15/08/2023 General Collection